Classics in Nut Shell/ (Record no. 191885)

MARC details
000 -LEADER
fixed length control field 00525nam a22001817a 4500
005 - DATE AND TIME OF LATEST TRANSACTION
control field 20220906155326.0
010 ## - LCCN (DPL NO)
LC control number ENG-134940
020 ## - INTERNATIONAL STANDARD BOOK NUMBER
International Standard Book Number 9788189596136
Terms of availability 325.00
035 ## - SYSTEM CONTROL NUMBER
System control number EN-118471
037 ## - SOURCE OF ACQUISITION
Source of stock number/acquisition DBAD/PUB
082 ## - DEWEY DECIMAL CLASSIFICATION NUMBER
Classification number 883.08
100 ## - MAIN ENTRY--PERSONAL NAME
Personal name Nahata, Premkumari
245 ## - TITLE STATEMENT
Title Classics in Nut Shell/
Statement of responsibility, etc By Premkumari Nahata
260 ## - PUBLICATION, DISTRIBUTION, ETC. (IMPRINT)
Place of publication, distribution, etc New Delhi
Name of publisher, distributor, etc S. Kumar & Company
Date of publication, distribution, etc 2009
270 ## - ADDRESS
Address 3613, N.S. Marg, Daryaganj
City New Delhi
Postal code 110002
300 ## - PHYSICAL DESCRIPTION
Extent 160p.
Dimensions 22cm(hb)
942 ## - ADDED ENTRY ELEMENTS (KOHA)
Source of classification or shelving scheme Dewey Decimal Classification
Item type English Books
Classification part 883.08
Call number suffix NAH
Holdings
Withdrawn status Lost status Not for loan Collection code Home library Current library Date acquired Source of acquisition Cost, normal purchase price Full call number Barcode Copy number Cost, replacement price Koha item type
      Non-fiction Ashok Vihar Ashok Vihar 06/09/2022 DBAD/PUB 325.00 883.08 NAH EN-118472 1 325.00 English Books

© Delhi Public Library
Hit Counter
free hit counter